Learning through experience in agricultural industry / (Record no. 34454)

MARC details
000 -LEADER
fixed length control field 01140pam a2200313 i 4500
001 - CONTROL NUMBER
control field 1775642
003 - CONTROL NUMBER IDENTIFIER
control field OSt
005 - DATE AND TIME OF LATEST TRANSACTION
control field 20220406112420.0
008 - FIXED-LENGTH DATA ELEMENTS--GENERAL INFORMATION
fixed length control field 770824s1978 nyua 001 0 eng
010 ## - LIBRARY OF CONGRESS CONTROL NUMBER
LC control number 77014409
020 ## - INTERNATIONAL STANDARD BOOK NUMBER
International Standard Book Number 0070008515
040 ## - CATALOGING SOURCE
Original cataloging agency DLC
Transcribing agency HU
Modifying agency DLC
050 00 - LIBRARY OF CONGRESS CALL NUMBER
Classification number S494.5.A4
Item number A4
082 00 - DEWEY DECIMAL CLASSIFICATION NUMBER
Classification number 630/.711 AMB 1978
100 1# - MAIN ENTRY--PERSONAL NAME
Personal name Amberson, Max L.
9 (RLIN) 35318
245 10 - TITLE STATEMENT
Title Learning through experience in agricultural industry /
Statement of responsibility, etc. Max L. Amberson, B. Harold Anderson.
260 ## - PUBLICATION, DISTRIBUTION, ETC.
Place of publication, distribution, etc. New York :
Name of publisher, distributor, etc. Gregg Division, McGraw-Hill,
Date of publication, distribution, etc. c1978.
300 ## - PHYSICAL DESCRIPTION
Extent viii, 152 p. :
Other physical details ill. ;
Dimensions 24 cm.
490 0# - SERIES STATEMENT
Series statement Career preparation for agriculture/agribusiness
500 ## - GENERAL NOTE
General note Includes index.
650 #0 - SUBJECT ADDED ENTRY--TOPICAL TERM
Topical term or geographic name entry element Agriculture
General subdivision Vocational guidance.
9 (RLIN) 35319
650 #0 - SUBJECT ADDED ENTRY--TOPICAL TERM
Topical term or geographic name entry element Agricultural industries
General subdivision Vocational guidance.
9 (RLIN) 35320
650 #0 - SUBJECT ADDED ENTRY--TOPICAL TERM
Topical term or geographic name entry element Agriculture
General subdivision Study and teaching (Secondary)
9 (RLIN) 35321
650 #0 - SUBJECT ADDED ENTRY--TOPICAL TERM
Topical term or geographic name entry element Agricultural industries
General subdivision Study and teaching (Secondary)
9 (RLIN) 35322
650 #0 - SUBJECT ADDED ENTRY--TOPICAL TERM
Topical term or geographic name entry element Education, Cooperative.
9 (RLIN) 35323
700 1# - ADDED ENTRY--PERSONAL NAME
Personal name Anderson, Benard Harold,
Dates associated with a name 1935-
9 (RLIN) 35324
906 ## - LOCAL DATA ELEMENT F, LDF (RLIN)
a 7
b cbc
c orignew
d 1
e ocip
f 19
g y-gencatlg
942 ## - ADDED ENTRY ELEMENTS (KOHA)
Source of classification or shelving scheme Dewey Decimal Classification
Koha item type Books like text book referance book
Suppress in OPAC No
Holdings
Withdrawn status Lost status Source of classification or shelving scheme Damaged status Not for loan Collection code Home library Current library Shelving location Date acquired Total Checkouts Full call number Barcode Date last seen Copy number Price effective from Koha item type
    Dewey Decimal Classification     Non-fiction Wondo Genet Library Wondo Genet Library General Stacks 04/06/2022   630/.711 AMB 1978 WGCFNRL00018760 04/06/2022 1 04/06/2022 Books like text book referance book